| 000 | 01375nam a2200265Ia 4500 | ||
|---|---|---|---|
| 999 |
_c49619 _d49619 |
||
| 001 | 16551 | ||
| 003 | GE_BSU | ||
| 005 | 20250117174148.0 | ||
| 008 | 181216s2006||||ge |||||||||||||| ||geo|| | ||
| 020 | _a99928-43-57-8 | ||
| 040 | _cGE_BSU | ||
| 041 | _ageo | ||
| 080 | _a37.01(042.4) ბ-29 | ||
| 100 |
_aბასილაძე, ნოდარ _924059 |
||
| 245 |
_aლექციების კურსი პედაგოგიკაში : _b(პედაგოგიკის ზოგადი საფუძვლები და აღზრდის თეორია) / _cნოდარ ბასილაძე ; [რედ. იური ბიბილეიშვილი]. |
||
| 264 |
_aბათუმი : _bალიონი, _c 2006. |
||
| 300 |
_a258 გვ. ; _c20სმ |
||
| 500 | _aწიგნს ახლავს ავტ. მინაწ. | ||
| 520 | _aწიგნს ახლავს ავტ. მინაწ | ||
| 653 | _aლექციების კურსი პედაგოგიკაში | ||
| 653 | _aპედაგოგიკა | ||
| 653 | _aპედაგოგიკის ზოგადი საფუძვლები და აღზრდის თეორია | ||
| 700 |
_aბიბილეიშვილი, იური _eრედაქტორი _924060 |
||
| 942 |
_cBK _2udc |
||